| 000 | 00435nam a2200181Ia 4500 | ||
|---|---|---|---|
| 003 | OSt | ||
| 005 | 20231121123533.0 | ||
| 008 | 230312s9999||||xx |||||||||||||| ||und|| | ||
| 020 | _a81-312-2532-5 | ||
| 040 | _cABC | ||
| 082 |
_a617.67 _bBAL |
||
| 100 | _aBalaji; S. M | ||
| 245 | 0 | _aTextbook of Oral & Maxillofacial Surgery | |
| 260 |
_bElsevier _aIndia _c2013 |
||
| 300 | _a1018 | ||
| 650 |
_aMedical _vDentistry |
||
| 942 |
_cBK _2ddc |
||
| 999 |
_c13314 _d13314 |
||